000 00453nam a2200193Ia 4500
005 20230320140602.0
008 131103s9999 xx 000 0 und d
020 _a571086942
040 _aLoreto College
041 _aEnglish
082 _a822.91
_bFRI
100 _aFriel, Brian
245 _aLovers
_cBrian Friel
260 _aLondon
_bFaber and Faber
_c1968
300 _a252 p.
650 _aEnglish drama
850 _aLCLIB
942 _cBK
999 _c22389
_d72868